| 000 | 00539nam a2200193Ia 4500 | ||
|---|---|---|---|
| 003 | LK-CoDNM | ||
| 005 | 20241216131958.0 | ||
| 008 | 010623t1988 xxu||||| |||| 00| 1 sin d | ||
| 040 |
_aLK-CoDNM _dLK-CoDNM _eLK-CoDNM |
||
| 041 | _asin | ||
| 080 |
_a8S-1 _bMAN |
||
| 100 | _aManathunga, P.B. | ||
| 245 | _aඇත්පදලස කාව්ය | ||
| 246 | _aAethpadalasa Kavyaya | ||
| 260 |
_bUva Tharuna Kavi Samajaya _aBandarawela _c1988 |
||
| 300 | _b15p. : 21 cm | ||
| 650 | _aපුරාතණ ගද්ය | ||
| 942 | _cBK | ||
| 999 |
_c113979 _d113979 |
||